| 000 -LEADER |
| fixed length control field |
01002 a2200217 4500 |
| 020 ## - INTERNATIONAL STANDARD BOOK NUMBER |
| International Standard Book Number |
0471476021 |
| 040 ## - CATALOGING SOURCE |
| Original cataloging agency |
DLC |
| Language of cataloging |
DLC |
| 082 00 - DEWEY DECIMAL CLASSIFICATION NUMBER |
| Classification number |
511/.1 |
| 100 1# - MAIN ENTRY--PERSONAL NAME |
| Personal name |
Ensley, Douglas E. |
| 245 10 - TITLE STATEMENT |
| Title |
Discrete mathematics : mathematical reasoning and proof with puzzles, patterns, and games |
| Remainder of title |
mathematical reasoning and proof with puzzles, patterns, and games |
| Statement of responsibility, etc. |
Douglas E. Ensley, J. Winston Crawley. |
| 260 ## - PUBLICATION, DISTRIBUTION, ETC. |
| Place of publication, distribution, etc. |
Hoboken, NJ : |
| Name of publisher, distributor, etc. |
Wiley, |
| Date of publication, distribution, etc. |
c2006. |
| 300 ## - PHYSICAL DESCRIPTION |
| Extent |
xii, 691 p. : |
| Other physical details |
col. ill. ; |
| Dimensions |
26 cm. |
| 650 #0 - SUBJECT ADDED ENTRY--TOPICAL TERM |
| Topical term or geographic name entry element |
Logic, Symbolic and mathematical. |
| 650 #0 - SUBJECT ADDED ENTRY--TOPICAL TERM |
| Topical term or geographic name entry element |
Mathematical recreations. |
| 650 #0 - SUBJECT ADDED ENTRY--TOPICAL TERM |
| Topical term or geographic name entry element |
Computer science |
| General subdivision |
Mathematics. |
| 700 1# - ADDED ENTRY--PERSONAL NAME |
| Personal name |
Crawley, J. Winston. |
| 856 41 - ELECTRONIC LOCATION AND ACCESS |
| Materials specified |
Table of contents only |
| Uniform Resource Identifier |
<a href="http://www.loc.gov/catdir/toc/ecip0514/2005017417.html">http://www.loc.gov/catdir/toc/ecip0514/2005017417.html</a> |
| 856 41 - ELECTRONIC LOCATION AND ACCESS |
| Materials specified |
Publisher description |
| Uniform Resource Identifier |
<a href="http://www.loc.gov/catdir/enhancements/fy0622/2005017417-d.html">http://www.loc.gov/catdir/enhancements/fy0622/2005017417-d.html</a> |
| 856 41 - ELECTRONIC LOCATION AND ACCESS |
| Materials specified |
Contributor biographical information |
| Uniform Resource Identifier |
<a href="http://www.loc.gov/catdir/enhancements/fy0653/2005017417-b.html">http://www.loc.gov/catdir/enhancements/fy0653/2005017417-b.html</a> |
| 942 ## - ADDED ENTRY ELEMENTS (KOHA) |
| Koha item type |
Book |
| Call number prefix |
511.1 ENS |
| Source of classification or shelving scheme |
|